| 000 | 00742nmm a2200253 a 4500 | ||
|---|---|---|---|
| 003 | AR-BaBNM | ||
| 005 | 20251128203400.0 | ||
| 008 | 267019s1941 ||||||||||||||000 | spa|| | ||
| 040 | _cAR-BaBNM | ||
| 100 | 1 |
_aCárcano, Ramón J. _d1860-1946 |
|
| 245 | 1 | 0 |
_aGuerra del Paraguay _bacción y reacción de la triple alianza. 1 |
| 260 |
_aBuenos Aires _bDomingo Viau _c1941 |
||
| 300 | 0 |
_a425 p. _bil., láms. |
|
| 600 | 0 | 4 |
_aMitre _d1862-1868 |
| 650 | 4 | _aPRESIDENCIAS ARGENTINAS | |
| 650 | 4 | _aGUERRA DEL PARAGUAY | |
| 650 | 4 | _aGUERRA DE LA TRIPLE ALIANZA | |
| 650 | 4 | _aBATALLA DE YATAY | |
| 650 | 4 | _aBATALLA DE CURUPAYTI | |
| 650 | 4 | _aHISTORIA POLITICA | |
| 700 | 1 |
_aCárcano, Ana Inés _eilustrador |
|
| 942 | _cBK | ||
| 998 | _cmariana | ||
| 999 |
_c3135 _d3135 |
||